Victims and criminal justice: particular groups of victims
Đã lưu trong:
| Định dạng: | Sách |
|---|---|
| Ngôn ngữ: | Tiếng Đức |
| Được phát hành: |
Friburgo de Brisgovia
Max-Planck-Institut für Ausländisches und Internationales Strafrecht
1991
|
| Loạt: | Kriminologische Forschungsberichte, 52-1, 52-2
|
| Những chủ đề: | |
| Các nhãn: |
Thêm thẻ
Không có thẻ, Là người đầu tiên thẻ bản ghi này!
|
MARC
| LEADER | 00000nam a2200000 a 4500 | ||
|---|---|---|---|
| 001 | UCV3390 | ||
| 003 | CL-VaPUC | ||
| 008 | 930618e19910000GW |||||||||||||||||ger|d | ||
| 082 | 0 | 4 | |a 362.88 |b VIC |2 21 |
| 245 | 1 | 0 | |a Victims and criminal justice: particular groups of victims |
| 300 | |a 2 v | ||
| 942 | |c BK | ||
| 945 | |d 19930618 00:00:00 | ||
| 260 | |a Friburgo de Brisgovia |b Max-Planck-Institut für Ausländisches und Internationales Strafrecht |c 1991 | ||
| 650 | 7 | |a DERECHO PENAL |2 CL-VaPUC |9 11 | |
| 650 | 0 | |a Criminología |9 256168 | |
| 650 | 0 | |a Víctimas de crímenes |9 297654 | |
| 583 | |a last modification |c 19930618 00:00:00 |k Rodrigo Vera | ||
| 490 | 0 | |a Kriminologische Forschungsberichte, 52-1, 52-2 | |
| 999 | |c 210622 |d 210620 | ||
| 952 | |0 0 |1 0 |4 0 |6 362_880000000000000_VIC_1991 |7 0 |8 A |9 186989 |a BIBDER |b BIBDER |d 2019-11-14 |h v.1 |i 2546450 |o 362.88 VIC 1991 |p 2546450 |r 2023-01-25 |w 2019-11-14 |y BK |k DER | ||
| 952 | |0 0 |1 0 |4 0 |6 362_880000000000000_VIC_1991 |7 0 |8 A |9 186990 |a BIBDER |b BIBDER |d 2019-11-14 |h v.2 |i 2546469 |o 362.88 VIC 1991 |p 2546469 |r 2023-01-25 |w 2019-11-14 |y BK |k DER | ||